000 00718nam a22002177a 4500
003 UA-OsUOA
001 131238
007 ta
008 20180529b un ||||| |||| 00| 0 ukr d
100 _aКовалів Ю.
090 _a94(477)
_bК56
942 _cSA
040 _aUA-OsUOA
_bukr
_cUA-OsUOA
_dUA-OsUOA
245 _aПро польсько-українські відносини в 20-40-х роках ХХ ст. та концтабір "Береза Картузька". Закінчення. Поч..у № 20 за 2018 рік
300 _aС.4
955 _a0
041 _aukr
080 _a94(477)
773 0 _w131236
650 7 _a9 Географія. Біографії. Історія
_2UDC
999 _c419524
_d419524